Регионална библиотека "Любен Каравелов" - Русе

Жадни сърца (Запис номер 82857)

MARC детайли
000 -Лидер
Контролно поле с фиксирана дължина 00969nam a2200289 c 4500
003 - Код на организацията, давaща контролен номер
Контролно поле BLK
005 - Дата и час на последна редакция
Контролно поле 20250529113712.0
008 - Елементи от данни с фиксирана дължина
fixed length control field 180408b bul|||||r ||||||| ||bul||
010 ## - Наследен системен номер
LC control number KNG00087394000
020 ## - Международен стандартен номер на книга ISBN
Международен стандартен номер на книга ISBN 954-8615-94-5
-- издат.: Световна библ.
040 ## - Източник на каталожния запис
Идентификатор на билиотеката - собственик на записа BLK
041 ## - Код за език
Код за езика на текст/звукозапис или на отделно заглавие Български
Код за езика КДБФ Български
080 ## - УДК
Текстов определител УДК Българска литература
УДК код - определител по УДК 821.163.2
УДК определител -311.6
УДК - код + определител 821.163.2-311.6
100 ## - Редна дума - Автор
Автор Тренев, Иван Александров
R(LIN) 372436
139 ## - Редно поле
Редна дума Тренев, Иван Александров
Авторски знак Трен - Т 82
245 10 - Сведения за заглавието
Заглавие Жадни сърца
Подзаглавни данни Роман
Редно поле (дума) Иван Александров Тренев.
257 ## - Страна на издаване
Страна на създаване/издаване България
260 ## - Област на издателските данни
-- София
Име на издателя, разпространителя и проч. Световна библ.
Година на издаване 2008
300 ## - Физическа характеристика
Страници 280 с.
Размери/Мащаб 20 см
380 ## - Жанр
Жанр Худож. лит.
852 ## - Местоположение
Форматна сигнатура Цб 242516
856 4# - Електронен адрес и достъп
Електронен формат pdf - файл
Път до файла /url/
856 4# - Електронен адрес и достъп
Електронен формат pdf - файл
Път до файла /url/
942 ## - АРТИКУЛИ
Вид на библиотечния материал Книги
Скрит в OPAC Не
Koha issues (borrowed), all copies 26
944 ## - СЪЗДАВАНЕ И РЕДАКЦИЯ на ЗАПИСА
Създаване/Редакция Създаване
Дата на регистрацията/редакция 21.01.2009
Статус, дата на статуса Цветомила Тодорова
Служител, извършил регистрацията/редакцията 30576
944 ## - СЪЗДАВАНЕ И РЕДАКЦИЯ на ЗАПИСА
Създаване/Редакция Редакция
Дата на регистрацията/редакция 30.01.2009
Статус, дата на статуса ф /
Служител, извършил регистрацията/редакцията
999 ## - СИСТЕМНИ КОНТРОЛНИ НОМЕРА
Koha biblionumber 82857
Koha biblioitemnumber 82857
Наличности
Код за отписване Код за изгубен артикул Източник на класификационната схема Код за повреда Коз за рестрикции Код за отдаване Артикулен № Име на библиотеката - собственик Име на библиотеката, в която се намира в момента Статус (Текущо местоположение) Дата на вписване в системата Местоположение - отдел Цена в лева Инвентарен номер Систематично азбучна сигнатура Баркод Номер на екземпляра Цена в евро Служебна бележка Служебен тип на артикула
  Не е изгубен Universal Decimal Classification Не е повреден без рестрикции заемане за дома 134686 Регионална библиотека "Любен Каравелов" Русе Регионална библиотека "Любен Каравелов" Русе Заемна - подръчен фонд 2009-01-21 Заемна - подръчен фонд 11.99 120000732907 П 886.7-31/Т 82 120000732907 1 6.13 Дост: Pk Вид: Ф N: 296 Дата: 21.01.2009 Дата инв: 12.02.2018 Бележки инв: П2018 Книги
  Не е изгубен   Не е повреден без рестрикции заемане за дома 134687 Регионална библиотека "Любен Каравелов" Русе Регионална библиотека "Любен Каравелов" Русе Заемна - подръчен фонд 2009-01-21 Заемна - подръчен фонд 11.99 120000732908 П 886.7-31/Т 82 120000732908 2 6.13 Дост: Pk Вид: Ф N: 296 Дата: 21.01.2009 Дата инв: 12.02.2018 Бележки инв: П2018 Книги
  Не е изгубен   Не е повреден без рестрикции заемане за дома 134688 Регионална библиотека "Любен Каравелов" Русе Регионална библиотека "Любен Каравелов" Русе Заемна - подръчен фонд 2009-01-21 Заемна - подръчен фонд 11.99 120000732909 П 886.7-31/Т 82 120000732909 3 6.13 Дост: Pk Вид: Ф N: 296 Дата: 21.01.2009 Дата инв: 12.02.2018 Бележки инв: П2018 Книги
Vip Innovations Ltd, Rousse, Bulgaria 2025